000 00705nam a2200253Ia 4500
003 OSt
005 20220912150657.0
006 a|||||r|||| 00| 0
007 ta
008 220909b |||||||| |||| 00| 0 eng d
024 _a28580
037 _cTextual
040 _aCSL
_beng
_cCSL
041 _aeng
082 _aB2811jN44, L3-;1 TTB28
100 _aKendall D G Ed.
245 0 _aStochastic analysis
260 _aLondon
_bJohn Wiley
_c1973
300 _axiii, 465p.
_ccm.
650 _aProbability-Computer science
700 _a Harding E F Ed.
942 _hB2811jN44, L3-;1 TTB28
_cTEXL
_2CC
999 _c52311
_d52311